| 000 | 01378nam a2200373Ia 4500 | ||
|---|---|---|---|
| 001 | ebr10571225 | ||
| 003 | CaPaEBR | ||
| 006 | m u | ||
| 007 | cr cn||||||||| | ||
| 008 | 120103s2012 inua s s001 0 eng d | ||
| 010 | _z 2011050297 | ||
| 020 | _z9780253008497 | ||
| 020 | _z9780253357014 | ||
| 040 |
_aCaPaEBR _cCaPaEBR |
||
| 035 | _a(OCoLC)844077003 | ||
| 050 | 1 | 4 |
_aQE862.D5 _bC697 2012eb |
| 082 | 0 | 4 |
_a567.9 _223 |
| 245 | 0 | 4 |
_aThe complete dinosaur _h[electronic resource] / _cedited by M. K. Brett-Surman, Thomas R. Holtz Jr., and James O. Farlow ; Bob Walters, art director. |
| 250 | _a2nd ed. | ||
| 260 |
_aBloomington, Ind. : _bIndiana University Press, _c2012. |
||
| 300 |
_axii, 1112 p. : _bill. |
||
| 490 | 1 | _aLife of the past | |
| 500 | _aIncludes index. | ||
| 533 |
_aElectronic reproduction. _bPalo Alto, Calif. : _cebrary, _d2013. _nAvailable via World Wide Web. _nAccess may be limited to ebrary affiliated libraries. |
||
| 650 | 0 | _aDinosaurs. | |
| 650 | 0 | _aPaleontology. | |
| 655 | 7 |
_aElectronic books. _2local |
|
| 700 | 1 |
_aBrett-Surman, M. K., _d1950- |
|
| 700 | 1 | _aFarlow, James Orville. | |
| 700 | 1 |
_aHoltz, Thomas R., _d1965- |
|
| 710 | 2 | _aebrary, Inc. | |
| 830 | 0 | _aLife of the past. | |
| 856 | 4 | 0 |
_uhttp://site.ebrary.com/lib/rucke/Doc?id=10571225 _zAn electronic book accessible through the World Wide Web; click to view |
| 999 |
_c184086 _d184086 |
||